000 010470000a22002170004500
020 _a0-7899-1193-0
041 0 _aSPA
082 0 4 _aG 297 C221f
100 1 _aCaner, Ergun Mehmet
245 1 0 _aFuera de las sombras del Islam : Guiemos a las musulmanas a la luz de Cristo / Ergun Caner, Emir Caner
260 _aMiami, FL. : Unilit
300 _a141 Pag
500 _aTítulo original : Out of the Crescent Shadows publicado por New Hope
505 0 0 _a- Las cristianas estadounidenses y las musulmanas - Enseñanza del islam sobre Jesús - El corazón del Padre: Adopción espiritual - La búsqueda de la paz con Dios - Garantía de salvación: seguridad en Dios - Crucificado con Cristo: Sacrificios vivos - El valor de la mujer: una nueva condición - Abandonada: el precio de la conversión - Comunión cristiana: ser el pueblo de Dios - Recompensa del cielo
650 1 4 _aISLAMISMO
001 13630
942 _cBK
999 _c42587
_d42587
336 _atexto
_btxt
_2rdacontent
337 _2rdamedia
_asin mediación
_bn
338 _2rdacarrier
_avolumen
_bnc